Sysnet tools : Systems research network for ecoregional land use planning in Tropical Asia

में बचाया:
ग्रंथसूची विवरण
स्वरूप: पुस्तक
भाषा:Undetermined
प्रकाशित: New York 2002
विषय:
टैग : टैग जोड़ें
कोई टैग नहीं, इस रिकॉर्ड को टैग करने वाले पहले व्यक्ति बनें!
Thư viện lưu trữ: Trung tâm Học liệu Trường Đại học Cần Thơ
LEADER 00472nam a2200157Ia 4500
001 CTU_63798
008 210402s9999 xx 000 0 und d
082 |a 005.3 
082 |b S995 
245 0 |a Sysnet tools : 
245 0 |b Systems research network for ecoregional land use planning in Tropical Asia 
260 |a New York 
260 |c 2002 
650 |a Sysnet tools II ( computer programs ) 
910 |i Năm 
980 |a Trung tâm Học liệu Trường Đại học Cần Thơ